Svalové funkčné testy
Saved in:
| Main Author | |
|---|---|
| Other Authors | |
| Format | Electronic eBook |
| Language | Czech |
| Published |
Grada SK
2024
|
| Edition | 1. elektronické vydání |
| Subjects | |
| Online Access | Dostupné v BOOKPORT po přihlášení pomocí eduID |
| ISBN | 978-80-8090-663-4 978-80-8090-662-7 |
| Physical Description | 1 online zdroj (328 stran) |
| LEADER | 00000nam a2200000 i 4500 | ||
|---|---|---|---|
| 001 | bkp100283 | ||
| 003 | CZ-prgp | ||
| 005 | 20240627103801.0 | ||
| 006 | m o d | ||
| 007 | cr cn | ||
| 008 | 240627s2024 xr o 000 0 cze | ||
| 020 | |a 978-80-8090-663-4 |c 478 Kč |q (online ; pdf) | ||
| 020 | |a 978-80-8090-662-7 |c 562 Kč |q (print) | ||
| 040 | |a Grada |b cze |e rda | ||
| 100 | 1 | |a Kolektív, autorov | |
| 245 | 1 | 0 | |a Svalové funkčné testy |c autorov Kolektív, Vladimír Janda |
| 250 | |a 1. elektronické vydání | ||
| 264 | 1 | |b Grada SK |c 2024 | |
| 300 | |a 1 online zdroj (328 stran) | ||
| 336 | |a text |b txt |2 rdacontent | ||
| 337 | |a počítač |b c |2 rdamedia | ||
| 338 | |a online zdroj |b cr |2 rdacarrier | ||
| 520 | 3 | |a Veľmi úspešná kniha, ktorá je už po generácie jednou zo stálych učebníc rehabilitačných lekárov aj fyzioterapeutov. Svalový test ako analytická metóda, ktorá sa zameriava na určenie sily jednotlivých svalových skupín resp. vyšetrenie motorických stereotypov, umožňuje vyvodiť hodnotné klinické závery. | |
| 650 | 0 | 4 | |a Fyziatrie, rehabilitace, balneologie |
| 700 | 1 | |a Vladimír Janda | |
| 856 | 4 | 0 | |u https://www.bookport.cz/AccountSaml/SignIn/?idp=https://shibboleth.utb.cz/idp/shibboleth&returnUrl=/kniha/svalove-funkcne-testy-12730/ |y Dostupné v BOOKPORT po přihlášení pomocí eduID |